El mundo de mi jardín (Record no. 26857)

MARC details
000 -LEADER
campo de control de longitud fija 00636nam a2200205 i 4500
001 - NÚMERO DE CONTROL
campo de control 26857
003 - IDENTIFICADOR DE NÚMERO DE CONTROL
campo de control ES-MaACL
005 - FECHA Y HORA DE LA ÚLTIMA TRANSACCIÓN
campo de control 20230906153519.0
007 - CAMPO FIJO DE DESCRIPCIÓN FÍSICA--INFORMACIÓN GENERAL
campo de control de longitud fija t|
008 - DATOS DE LONGITUD FIJA--INFORMACIÓN GENERAL
campo de control de longitud fija 030110s1957 es ||||1| spa d
100 1# - ENTRADA PRINCIPAL--NOMBRE DE PERSONA
Nombre de persona Avila, Julio Enrique.
9 (RLIN) 24046
245 13 - MENCIÓN DEL TÍTULO
Título El mundo de mi jardín
Resto del título : aguas fuertes, motivos, cuentos ... /
Mención de responsabilidad, etc. Julio Enrique Avila.
250 ## - MENCION DE EDICION
Mención de edición 4ª ed.
260 ## - PUBLICACIÓN, DISTRIBUCIÓN, ETC.
Lugar de publicación, distribución, etc. San Salvador :
Nombre del editor, distribuidor, etc. Ministerio de Cultura, Departamento Editorial,
Fecha de publicación, distribución, etc. [1957]
300 ## - DESCRIPCIÓN FÍSICA
Extensión 169 p. ;
Dimensiones 18 cm.
490 1# - MENCIÓN DE SERIE
Mención de serie Biblioteca popular
830 0# - PUNTO DE ACCESO ADICIONAL DE SERIE-TÍTULO UNIFORME
Título uniforme Biblioteca popular
9 (RLIN) 181768
852 ## - LOCALIZACIÓN
Ubicación ES-MaACL
Número de control de estantería C-14524
Sublocalización o colección R.41919
Holdings
Estatus retirado Estado de pérdida Estado de daño No para préstamo Biblioteca de origen Biblioteca actual Ubicación en estantería Fecha de adquisición Fuente de adquisición Total de préstamos Signatura topográfica completa Código de barras Visto por última vez Precio de reemplazo Tipo de ítem Koha
        Biblioteca del Ateneo de Madrid Biblioteca del Ateneo de Madrid Ficheros 17/01/2008     C-14524 1027722 23/02/2023 23/02/2023 Libro impreso